Personnages de fiction en images #8 - Statistiques

Statistiques générales
  • Ce quiz a été pris 143 fois
  • Le résultat moyen est 16 sur 40
Statistiques - réponses
Par images Hint Réponse % Correct
Kirikou
93%
Harry Potter Dobby
90%
Aladdin Jafar
88%
Annabelle
82%
Looney Tunes Bip Bip
77%
Hunger Games Katniss Everdeen
77%
Le Petit Chaperon rouge
77%
Nicolas
71%
Rebelle Mérida
64%
Schtroumpf coquet
63%
Toy Story La Bergère
60%
Wallace
57%
Peppa Pig George Pig
52%
La Casa de Papel Nairobi
50%
Iznogoud
49%
Pokémon Lucario
48%
Le Bigdil Bill l'extraterrestre
45%
Dragon Ball Bulma
44%
Gendarme de Saint-Tropez Ludovic Cruchot
41%
Punisher
41%
Les Indestructibles Frozone
36%
La Cité de La Peur Odile Deray
36%
Bob l'éponge Sandy Ecureuil
30%
X-Files Dana Scully
25%
Les Simpson Clancy Wiggum
24%
Donkey Kong Pauline
23%
Grey's Anatomy Jackson Avery
21%
Autant en emporte le vent Scarlett O'Hara
20%
Goldorak Actarus
18%
Thierry la Fronde
16%
Buffy contre les vampires Willow Rosenberg
16%
You Love Quinn
15%
The Legend of Zelda Impa
13%
Livre blanc de Sarnen Guillaume Tell
9%
Plus belle la vie Jean-Paul Boher
9%
Fortnite Jonesy
9%
Fast & Furious Letty Ortiz
9%
Famille Pirate Lucile MacBernik
7%
La Vérité si je mens ! Patrick Abitbol
7%
Futurama Professeur Hubert Farnsworth
2%
Aucun quiz correspondant
Distribution des résultats
% des personnes avec chaque résultat
Percentile par nombre de réponses
Votre historique - résultats
Vous n’avez pas pris ce quiz